| 000 | 00472pab a2200157 454500 | ||
|---|---|---|---|
| 008 | 180718b2003 xxu||||| |||| 00| 0 eng d | ||
| 100 | _aCarroll, Deborah A. | ||
| 245 | _aManaging local intergovernmental revenues: the imperative of diversification | ||
| 260 | _c2003 | ||
| 300 | _ap.1495-518. | ||
| 650 | _aLocal government | ||
| 700 | _aMarlowe, Justin | ||
| 700 | _aEger, Robert J., III | ||
| 773 | _aInternational Journal of Public Administration | ||
| 909 | _a58218 | ||
| 999 |
_c58218 _d58218 |
||